000 01105pam a2200301 a 4500
999 _c130495
_d130495
001 2454591
003 ARRUPE
005 20201015105921.0
008 890718s1988 mnu b 000 0 eng
010 _a 89037971
020 _a0814618138
040 _aDLC
_cDLC
_dDLC
041 1 _aeng
_hita
050 0 0 _aBV55
_b.C3312 1988
082 0 0 _a226.4/06
_220
100 1 _aCantalamessa, Raniero.
_949858
240 1 0 _aMistero del Natale.
_lEnglish
245 1 4 _aThe mystery of Christmas :
_ba comment on the Magnificat, Gloria, Nunc dimittis /
_cRaniero Cantalamessa ; [translated by Frances Lonergan].
260 _aCollegeville, Minn. :
_bLiturgical Press,
_c1988.
300 _a79 p. ;
_c21 cm.
500 _aTranslation of: Il mistero del Natale.
504 _aIncludes bibliographical references.
650 0 _aCatholic Church
_xLiturgy
_911909
650 0 _aSpiritual life
_xCatholic church
_949859
906 _a7
_bcbc
_corignew
_d1
_eocip
_f19
_gy-gencatlg
942 _2lcc
_cMONOGRAPH